000 02260nam0a2200385 4500
001 RU\NLR\bibl\1080810
005 20260406052019.0
010 _a978-5-238-01218-6
_92000
021 _aRU
_b2007-19145
_91017
035 _a(NLR Aleph) 001067995
090 _a980574
_c980574
100 _a20070503d2007 |||y0rusy50 ca
101 0 _arus
102 _aRU
105 _ay |||||||||
200 1 _aИстория государственного управления в России
_eучебник для студентов высших учебных заведений, обучающихся по экономическим специальностям
_eучебник для студентов вузов, обучающихся по специальности "Государственное и муниципальное управление" (080504)
_f[к.э.н., доц. Ф.О. Айсина, к.ист.н., доц. С.Д. Бородина, к.ист.н., доц. Н.О. Воскресенская и др.]
_gпод ред. профессоров А.Н. Марковой, Ю.К. Федулова
205 _a3-е изд., перераб. и доп.
210 _aМосква
_cЮнити
_cЮНИТИ-Дана
_d2007
215 _a318, [1] с.
_d22
225 1 _aСерия "Государственное и муниципальное управление"
300 _aАвт. указаны на 4-й с.
320 _aБиблиогр.: с. 313 и в тексте
606 1 _aГосударственное управление
_jУчебники для высших учебных заведений
_xИстория
_yРоссия
_92366442
_3RU\NLR\auth\661412763
686 _aХ2(2)0-523я73
686 _aТ3(2)0-53я73
701 1 _4070
_8rus
_7ca
_aАйсина
_bФ. О.
_gФакия Османовна
_3RU\NLR\auth\777121
_9117060
701 1 _aБородина
_bС. Д.
_4070
701 1 _aВоскресенская
_bН. О.
_4070
702 1 _4340
_8rus
_7ca
_aМаркова
_bА. Н.
_cд-р экон. наук
_f1924-
_gАнна Николаевна
_3RU\NLR\auth\777122
_9117061
801 0 _aRU
_bNLR
_c20070503
_gRCR
801 1 _aRU
_bNLR
_c20070503
942 _cBOOK
980 _aNB